Garantías en el derecho a la inviolabilidad de domicilio como limitante a la autoridad penal en el caso de los allanamientos, provincia Santo Domingo Este, República Dominicana, 2004-2017 / (Registro nro. 4657)
[ vista simple ]
| 000 -CABECERA | |
|---|---|
| campo de control de longitud fija | 02030nam a22002777a 4500 |
| 003 - IDENTIFICADOR DEL NÚMERO DE CONTROL | |
| campo de control | DO-SdBJH |
| 005 - FECHA Y HORA DE LA ÚLTIMA TRANSACCIÓN | |
| campo de control | 20191119194030.0 |
| 008 - DATOS DE LONGITUD FIJA--INFORMACIÓN GENERAL | |
| campo de control de longitud fija | 180813b ||||| |||| 00| 0 spa d |
| 040 ## - FUENTE DE LA CATALOGACIÓN | |
| Centro catalogador/agencia de origen | DO-SdBJH |
| Lengua de catalogación | spa |
| Centro/agencia transcriptor | DO-SdBJH |
| 090 ## - LOCALMENTE ASIGNADO TIPO-LC NÚMERO DE CLASIFICACIÓN (OCLC); NÚMERO DE CLASIFICACIÓN LOCAL (RLIN) | |
| Número de clasificación (OCLC) (R) ; Numero de clasificación, CALL (RLIN) (NR) | TG EGDDHHyDIH |
| Número cutter local (OCLC) ; Número de libro/Signatura topográfica íntegra, CALL (RLIN) | 01226 2017 |
| 100 1# - ENTRADA PRINCIPAL--NOMBRE DE PERSONA | |
| Nombre de persona | Claris Ramírez, Jesús F. |
| Término indicativo de función/relación | sustentante |
| 245 10 - MENCIÓN DE TÍTULO | |
| Título | Garantías en el derecho a la inviolabilidad de domicilio como limitante a la autoridad penal en el caso de los allanamientos, provincia Santo Domingo Este, República Dominicana, 2004-2017 / |
| Mención de responsabilidad, etc. | Jesús F. Claris Ramírez, Yanet Antonia Ulloa de Durán, asesores Petronila Rosario Adames, Félix Tena de Sosa |
| 260 ## - PUBLICACIÓN, DISTRIBUCIÓN, ETC. | |
| Lugar de publicación, distribución, etc. | Santo Domingo : |
| Nombre del editor, distribuidor, etc. | INSUDE, |
| Fecha de publicación, distribución, etc. | 2017 |
| 300 ## - DESCRIPCIÓN FÍSICA | |
| Extensión | xvi, 104 páginas, ilustraciones en anexo-gráficos-tablas |
| 502 ## - NOTA DE TESIS | |
| Nota de tesis | Tesis (Especialidad en Derechos Humanos y Derecho Internacional Humanitario) -- Instituto Superior para la Defensa (INSUDE). Escuela de Graduados en Derechos Humanos y Derecho Internacional Humanitario, 2017<br/> |
| 504 ## - NOTA DE BIBLIOGRAFÍA, ETC. | |
| Nota de bibliografía, etc. | Incluye referencias bibliográficas e índices |
| 505 ## - NOTA DE CONTENIDO CON FORMATO | |
| Nota de contenido con formato | Origen y evolución del derecho a la inviolabilidad de domicilio frente al ejercicio de la autoridad penal. -- Regulación del proceso de allanamiento establecido en el ordenamiento jurídico dominicano. -- Reglas establecidas pro las leyes internas y el bloque de la constitucionalidad en cuanto a la proteccion del derecho a la inviolabilidad de domicilio como limitante al ejercicio de la autoridad penal en el caso de los allanamientos |
| 650 #4 - PUNTO DE ACCESO ADICIONAL DE MATERIA--TÉRMINO DE MATERIA | |
| Término de materia o nombre geográfico como elemento de entrada | Derechos Humanos -- Allanamientos |
| 650 #4 - PUNTO DE ACCESO ADICIONAL DE MATERIA--TÉRMINO DE MATERIA | |
| Término de materia o nombre geográfico como elemento de entrada | Inviolabilidad de domicilio -- Regulación proceso de allanamiento |
| 650 #4 - PUNTO DE ACCESO ADICIONAL DE MATERIA--TÉRMINO DE MATERIA | |
| Término de materia o nombre geográfico como elemento de entrada | Violación de garantías constitucional -- Allanamientos de forma ilegal |
| 700 1# - PUNTO DE ACCESO ADICIONAL--NOMBRE DE PERSONA | |
| Nombre de persona | Ulloa de Durán, Yanet Antonia |
| Término indicativo de función/relación | sustentante |
| 700 1# - PUNTO DE ACCESO ADICIONAL--NOMBRE DE PERSONA | |
| Nombre de persona | Rosario Adames, Petronila |
| Término indicativo de función/relación | asesor |
| 700 1# - PUNTO DE ACCESO ADICIONAL--NOMBRE DE PERSONA | |
| Nombre de persona | Tena de Sosa, Félix |
| Término indicativo de función/relación | asesor |
| 830 ## - PUNTO DE ACCESO ADICIONAL DE SERIE-TÍTULO UNIFORME | |
| Título uniforme | INSUDE. Escuela de Graduados en Derechos Humanos y Derecho Internacional Humanitario. Tesis y disertaciones académicas |
| 942 ## - ELEMENTOS DE PUNTO DE ACCESO ADICIONAL (KOHA) | |
| Fuente del sistema de clasificación o colocación | Dewey Decimal Classification |
| Tipo de ítem Koha | Tesis |
| Estado de retiro | Estado de pérdida | Fuente del sistema de clasificación o colocación | Estado dañado | No para préstamo | Código de colección | Localización permanente | Ubicación/localización actual | Fecha de adquisición | Número de inventario | Total de préstamos | Signatura topográfica completa | Código de barras | Fecha visto por última vez | Número de copia | Precio válido a partir de | Tipo de ítem Koha |
|---|---|---|---|---|---|---|---|---|---|---|---|---|---|---|---|---|
| Dewey Decimal Classification | Préstamo Interno | Trabajos de Grado e Investigción | SIBM UNADE - Biblioteca Sede Central | SIBM UNADE - Biblioteca Sede Central | 08/13/2018 | 17-01226 | TG EGDDHHyDIH 01226 2017 | 17-01226 | 10/06/2018 | e.1 | 08/13/2018 | Tesis |
